<?xml version="1.0" encoding="UTF-8"?><?xml-stylesheet type="text/xsl" href="static/style.xsl"?><OAI-PMH xmlns="http://www.openarchives.org/OAI/2.0/" xmlns:xsi="http://www.w3.org/2001/XMLSchema-instance" xsi:schemaLocation="http://www.openarchives.org/OAI/2.0/ http://www.openarchives.org/OAI/2.0/OAI-PMH.xsd"><responseDate>2026-04-17T20:41:56Z</responseDate><request verb="GetRecord" identifier="oai:www.recercat.cat:20.500.14342/3563" metadataPrefix="marc">https://recercat.cat/oai/request</request><GetRecord><record><header><identifier>oai:recercat.cat:20.500.14342/3563</identifier><datestamp>2025-05-15T19:20:52Z</datestamp><setSpec>com_2072_482405</setSpec><setSpec>com_2072_183628</setSpec><setSpec>col_2072_482409</setSpec></header><metadata><record xmlns="http://www.loc.gov/MARC21/slim" xmlns:dcterms="http://purl.org/dc/terms/" xmlns:xsi="http://www.w3.org/2001/XMLSchema-instance" xmlns:doc="http://www.lyncode.com/xoai" xsi:schemaLocation="http://www.loc.gov/MARC21/slim http://www.loc.gov/standards/marcxml/schema/MARC21slim.xsd">
   <leader>00925njm 22002777a 4500</leader>
   <datafield ind2=" " ind1=" " tag="042">
      <subfield code="a">dc</subfield>
   </datafield>
   <datafield ind2=" " ind1=" " tag="720">
      <subfield code="a">Arbillaga-Etxarri, Ane</subfield>
      <subfield code="e">author</subfield>
   </datafield>
   <datafield ind2=" " ind1=" " tag="720">
      <subfield code="a">Lista-Paz, Ana</subfield>
      <subfield code="e">author</subfield>
   </datafield>
   <datafield ind2=" " ind1=" " tag="720">
      <subfield code="a">Alcaraz-Serrano, Victoria</subfield>
      <subfield code="e">author</subfield>
   </datafield>
   <datafield ind2=" " ind1=" " tag="720">
      <subfield code="a">Escudero-Romero, Raúl</subfield>
      <subfield code="e">author</subfield>
   </datafield>
   <datafield ind2=" " ind1=" " tag="720">
      <subfield code="a">Herrero-Cortina, Beatriz</subfield>
      <subfield code="e">author</subfield>
   </datafield>
   <datafield ind2=" " ind1=" " tag="720">
      <subfield code="a">Balañá Corberó, Ana</subfield>
      <subfield code="e">author</subfield>
   </datafield>
   <datafield ind2=" " ind1=" " tag="720">
      <subfield code="a">Sebio Garcia, Raquel</subfield>
      <subfield code="e">author</subfield>
   </datafield>
   <datafield ind2=" " ind1=" " tag="720">
      <subfield code="a">Vilaro, Jordi</subfield>
      <subfield code="e">author</subfield>
   </datafield>
   <datafield ind2=" " ind1=" " tag="720">
      <subfield code="a">Gimeno-Santos, Elena</subfield>
      <subfield code="e">author</subfield>
   </datafield>
   <datafield ind2=" " ind1=" " tag="260">
      <subfield code="c">2021-10-12</subfield>
   </datafield>
   <datafield ind2=" " ind1=" " tag="520">
      <subfield code="a">La pandemia causada por la enfermedad de la COVID-19 ha supuesto un gran reto para los profesionales del sistema sociosanitario, intensificándose con el manejo y atención de las manifestaciones clínicas que potencialmente pueden presentarse de manera persistente en las personas que han superado la enfermedad. Para ello, la fisioterapia respiratoria se presenta como piedra angular dentro del modelo de abordaje interdisciplinar que requiere esta población. Dado que la implementación de esta opción terapéutica continúa siendo limitada en Espana, ˜ es imprescindible realizar una evaluación integral y exhaustiva de la persona que nos permita establecer criterios de selección a fin de optimizar el uso de los recursos humanos y materiales existentes. Para ello, se propone un algoritmo de decisión terapéutica basado en pruebas de evaluación validadas y objetivas de las posibles manifestaciones clínicas del paciente. La aplicación de este algoritmo, en cualquier nivel asistencial (atención especializada y atención primaria/comunitaria) junto con la atención centrada en la persona, el impulso del uso de los espacios comunitarios verdes y azules de las ciudades y un adecuado uso de las tecnologías de la comunicación y la información, nos permitirá optimizar el modelo de atención de fisioterapia respiratoria en el contexto actual, marcado por la COVID-19.</subfield>
   </datafield>
   <datafield ind1="8" ind2=" " tag="024">
      <subfield code="a">http://hdl.handle.net/20.500.14342/3563</subfield>
   </datafield>
   <datafield ind1="8" ind2=" " tag="024">
      <subfield code="a">https://doi.org/10.1016/j.opresp.2021.100139</subfield>
   </datafield>
   <datafield tag="653" ind2=" " ind1=" ">
      <subfield code="a">Aparell respiratori -- Malalties -- Fisioteràpia</subfield>
   </datafield>
   <datafield tag="653" ind2=" " ind1=" ">
      <subfield code="a">COVID-19 (Malaltia)</subfield>
   </datafield>
   <datafield ind2="0" ind1="0" tag="245">
      <subfield code="a">Fisioterapia respiratoria post-COVID-19: algoritmo de decisión terapéutica</subfield>
   </datafield>
   <datafield ind2="0" ind1="0" tag="245">
      <subfield code="a">Fisioterapia respiratoria post-COVID-19: algoritmo de decisión terapéutica</subfield>
   </datafield>
</record></metadata></record></GetRecord></OAI-PMH>